Desinfección de productos hortofrutícolas para exportación

Salvato in:
Dettagli Bibliografici
Enti autori: INTEC (Autore), Fondo de Desarrollo Productivo (Autore)
Natura: Libro
Lingua:spagnolo
Pubblicazione: Santiago CORFO 1988
Serie:F.D.P., 88-25
Soggetti:
Tags: Aggiungi Tag
Nessun Tag, puoi essere il primo ad aggiungerne!!

MARC

LEADER 00000nam a2200000 a 4500
001 UCV7258
003 CL-VaPUC
008 900927e19880000CL |||||||||||||||||spa|d
082 0 4 |a 634.04  |b INT  |2 21 
110 2 |a INTEC  |e author  |9 301304 
710 2 |a Fondo de Desarrollo Productivo  |e author  |9 301305 
245 1 0 |a Desinfección de productos hortofrutícolas para exportación 
300 |a 213 p 
942 |c BK 
945 |d 19900927 00:00:00 
260 |a Santiago  |b CORFO  |c 1988 
650 7 |a FRUTAS FUMIGACION  |2 CL-VaPUC  |9 264429 
650 7 |a HORTALIZAS FUMIGACION  |2 CL-VaPUC  |9 264430 
650 7 |a BROMURO DE METILO PRUEBAS  |2 CL-VaPUC  |9 264431 
651 7 |a CHILE  |2 CL-VaPUC  |9 301306 
583 |a last modification  |c 19900927 00:00:00  |k Rodrigo Vera 
490 0 |a F.D.P., 88-25 
999 |c 212962  |d 212960